000 02261nam a2200337 i 4500
001 768714001
003 CO-MdFUSB
005 20260414104742.0
007 ta
008 240924t1995 -us||||| |||| 001 0 eng d
020 _a0-664-25621-X
040 _bspa.
_aCO-MdFUSB
_cCO-MdFUSB
_dCO-MdFUSBC
_erda
041 _aeng
082 _223
_a226.5
_bW823
100 1 _aWitherington, Ben
_cIII
_d1951-
_eautor
245 1 _aJohn's Wisdom :
_ba commentary on the fourth Gospel
_c/ Ben Witherington
264 1 _aLouisville, Kentucky :
_bWestminster John Knox Press,
_c[1995]
264 4 _c©1995
300 _a411 páginas
_c; 23 cm
336 _2rdacontent
_atexto
_btxt
337 _2rdamedia
_asin mediación
_bn
338 _2rdacarrier
_avolumen
_bnc
500 _aIncluye índice, notas, bibliografía y lista de excursiones
505 _gParte I:
_tComienzos:
_aEl ministerio público de Jesús: primera fase. -- Juan 2:13-4:54. -- Una nube de testigos (1:6-9, 15-51). -- El vino nuevo del evangelio (2,1-12).
_gParte II:
_tEl ministerio público de Jesús:
_aLimpieza de la casa (2:13-25). -- Nicodemo y los belenes (3:1-21). -- Juan, Jesús y las obras hidráulicas (3:22-36). -- Un Salvador en Samaria (4:1-42). -- La segunda señal en Caná (4:43-54).
_gParte III:
_tTrabajo sabático:
_aEl ministerio público de Jesús: segunda fase. Juan 5:1-12:11. -- Alimento para el pensamiento, pan sobre las aguas (6:1-71). -- Discursos en el templo y sanación (7:1-10:42). -- Asuntos familiares (11:1-12:11).
_gParte IV:
_tEl relato de la Pasión:
_aEl regreso del Rey y su última audiencia (12:12-50). -- Cena de despedida (13:1-30). -- Los discursos de despedida (13:31-17:26).
_gParte V:
_tEl relato de la Pasión:
_aEl arresto y el juicio de Jesús (18:1-19:16a). -- La muerte y sepultura de Jesús (19:16b-42).
_gParte VI:
_tLos relatos de la resurrección:
_aLa presencia de su ausencia (20:1-10). -- María, María, extraordinaria (20:11-18). -- Conservando las apariencias tras puertas cerradas (20:19-31). -- Desayuno junto al mar (epílogo) (21:1-25).
563 _aRústica
630 0 7 _aBiblia.
_pJuan
650 7 _aHermenéutica bíblica
_2embne
_97333
942 _cBK
945 _aCatherine Arias Alvarez
999 _c70966
_d70966